| Tag |
First Indicator |
Second Indicator |
Subfields |
| LEADER |
00000cam a2200000 a 4500 |
| 001 |
in00000018459 |
| 005 |
20151007053240.0 |
| 008 |
861023s1987 nyua b 00100 eng |
| 010 |
|
|
|a 86027119
|
| 020 |
|
|
|a 0313248648 (lib. bdg. : alk. paper)
|
| 035 |
|
|
|a (OCoLC)14693094
|
| 035 |
|
|
|9 AAB0954AM
|
| 040 |
|
|
|a DLC
|c DLC
|d TXA
|d UtOrBLW
|
| 043 |
|
|
|a n-us---
|
| 049 |
|
|
|a TXAM
|c [A11084739]
|
| 050 |
0 |
0 |
|a JK468.A8
|b G66 1987
|
| 082 |
0 |
|
|a 350/.00028/5
|2 19
|
| 245 |
0 |
0 |
|a Government infostructures :
|b a guide to the networks of information resources and technologies at federal, state, and local levels /
|c edited by Karen B. Levitan.
|
| 264 |
|
1 |
|a New York :
|b Greenwood Press,
|c 1987.
|
| 300 |
|
|
|a xxi, 320 pages :
|b illustrations ;
|c 25 cm.
|
| 336 |
|
|
|a text
|b txt
|2 rdacontent
|
| 337 |
|
|
|a unmediated
|b n
|2 rdamedia
|
| 338 |
|
|
|a volume
|b nc
|2 rdacarrier
|
| 504 |
|
|
|a Includes bibliographies and index.
|
| 651 |
|
0 |
|a United States
|x Politics and government
|x Data processing.
|
| 650 |
|
0 |
|a State governments
|x Data processing.
|
| 650 |
|
0 |
|a Local government
|z United States
|x Data processing.
|
| 650 |
|
0 |
|a Information resources management.
|
| 700 |
1 |
|
|a Levitan, Karen B.
|
| 999 |
|
|
|a MARS
|
| 999 |
f |
f |
|s 7dab4480-caaf-3ec2-bb09-be334e42e9f9
|i 8a68145f-938d-3b39-becf-0bb134953487
|t 0
|
| 952 |
f |
f |
|p ric
|a Texas A&M University
|b Rellis Campus
|c Joint Library Facility
|d Remote Storage
|t 0
|e JK468.A8 G66 1987
|h Library of Congress classification
|i unmediated -- volume
|m A14811084739
|
| 998 |
f |
f |
|a JK468.A8 G66 1987
|t 0
|l Remote Storage
|